Somalia : nation in search of a state /

Bibliographic Details
Main Author: Laitin, David D.
Other Authors: Samatar, Said S.
Format: Book
Language:English
Published: Boulder, Colo. : London, England : Westview Press ; Gower, c 1987. [date of publication not identified]
Series:Profiles. Nations of contemporary Africa.
Subjects:

MARC

Tag First Indicator Second Indicator Subfields
LEADER 00000cam a2200000 a 4500
001 in00000012045
005 20151007051742.0
008 860619s1987 coua b 00110 eng
010 |a  86015779  
020 |a 0865315558 (alk. paper) :  |c $28.00 
035 |a (OCoLC)13822770 
035 |9 AAA4592AM 
040 |a DLC  |c DLC  |d m/c  |d TXA  |d UtOrBLW 
043 |a f-so--- 
049 |a TXAM  |c [A12578935] 
050 0 0 |a DT403  |b .L33 1987 
082 0 |a 967/.63  |2 19 
100 1 |a Laitin, David D. 
245 1 0 |a Somalia :  |b nation in search of a state /  |c David D. Laitin and Said S. Samatar. 
264 1 |a Boulder, Colo. :  |b Westview Press ;  |a London, England :  |b Gower, c 1987.  |c [date of publication not identified] 
300 |a xvii, 198 pages :  |b illustrations ;  |c 24 cm. 
336 |a text  |b txt  |2 rdacontent 
337 |a unmediated  |b n  |2 rdamedia 
338 |a volume  |b nc  |2 rdacarrier 
490 1 |a Profiles. Nations of contemporary Africa 
504 |a Bibliography: pages 182-183. 
500 |a Includes index. 
651 0 |a Somalia  |x History. 
700 1 |a Samatar, Said S. 
830 0 |a Profiles.  |p Nations of contemporary Africa. 
999 |a MARS 
999 f f |s be545918-50ef-36a0-b751-76d867abeead  |i 9f5aa4b3-a05c-323a-9e2e-9fbf86cbd70e  |t 0 
952 f f |p ric  |a Texas A&M University  |b Rellis Campus  |c Joint Library Facility  |d Remote Storage  |t 0  |e DT403 .L33 1987  |h Library of Congress classification  |i unmediated -- volume  |m A14812578935 
998 f f |a DT403 .L33 1987  |t 0  |l Remote Storage